000 01587nam0a2200313 4500
001 RU\NLR\bibl\1722514
005 20250616072713.0
010 _a978-5-93057-379-4
_9200
021 _aRU
_b2010-97061
_96551
035 _a(NLR Aleph) 001713498
090 _a1294896
_c1294896
100 _a20110113d2010 |||y0rusy50 ca
101 0 _arus
102 _aRU
105 _aa |||||||||
200 1 _aПроизводство бетонных работ при возведении монолитных столбчатых фундаментов
_eучебное пособие
_e[для студентов третьего курса строительного факультета очной формы обучения]
_fС.В. Коробков
_gФедер. агентство по образованию, Гос. образоват. учреждение высш. проф. образования "Том. гос. архит.-строит. ун-т"
210 _aТомск
_cИзд-во ТГАСУ
_d2010
215 _a59 с.
_cил.
_d21
320 _aБиблиогр.: с. 42
606 1 _aБетонные фундаменты столбчатые
_jУчебные издания для высших учебных заведений
_xБетонирование
_92106949
_3RU\NLR\auth\661577285
686 _aН626.141я73-1
700 1 _aКоробков
_bС. В.
_gСергей Викторович
_4070
801 0 _aRU
_bNLR
_c20110113
_gRCR
801 1 _aRU
_bNLR
_c20110113
830 _aавт. по кн.
942 _cBOOK
980 _aNB
980 _aNBR